00558nam a2200193 i 4500001001100000003000500011005001700016008004100033040002500074082001400099245002100113264006500134300001000199336002100209337002500230338002300255500005200278650003400330C2-0268741PPAK20180727235603.0060808s2005 my |||| ||||| | may d aPPAKbengcPPAKerda04a163.122300aPenjara Malaysia 1aKedah : bPerbadanan Perpustakaan Awam Negeri Kedah , c2005 c30 cm 2rdacontentatext 2rdamediaaunmediated 2rdacarrieravolume aArtikel dari Laman Web Jabatan Penjara Malaysia10aMalaysia - Goverment- Penjara